[Event "WchT Blitz Pool C"]
[Site "London"]
[Date "2025.06.14"]
[Round "2.4"]
[White "Keneshbekov, Elim"]
[Black "Mungunzul, Bat Erdene"]
[Result "0-1"]
[WhiteElo "1883"]
[BlackElo "2337"]
[PlyCount "81"]
[EventDate "2025.06.14"]
[EventType "team-tourn"]
[EventRounds "13"]
[EventCountry "ENG"]
[SourceTitle "CB25_2025"]
[SourceDate "2025.06.18"]
[SourceVersion "1"]
[SourceVersionDate "2025.06.18"]
[SourceQuality "1"]
[WhiteTeam "KYR Youth"]
[BlackTeam "Mongolia II"]
[WhiteTeamCountry "KGZ"]
[BlackTeamCountry "MGL"]

1. e4 e5 2. Nf3 Nc6 3. Bc4 Bc5 4. d3 Nf6 5. Nc3 d6 6. h3 Be6 7. Be3 Bxe3 8. fxe3 Bxc4 9. dxc4 Qd7 10. a3 a5 11. Qd3 Nd8 12. 0-0-0 Ne6 13. Nd5 Nc5 14. Nxf6+ gxf6 15. Qe2 Nxe4 16. Rhe1 0-0-0 17. Rd5 b6 18. Red1 Kb8 19. Rb5 Rhg8 20. g4 h5 21. Nd2 Nc5 22. b4 Nb7 23. bxa5 Nxa5 24. gxh5 Qxh3 25. Qd3 Qxh5 26. Qd5 Qf5 27. Ne4 Nb7 28. a4 Qe6 29. Qc6 f5 30. Nc3 Qd7 31. Qf3 e4 32. Qxf5 Nc5 33. Qf4 Rg4 34. Qf6 Rg6 35. Qd4 Qc6 36. a5 Rd7 37. Nd5 Qa8 38. axb6 c6 39. Qh8+ Kb7 40. Qe8 Qb8 41. Qxb8+ 0-1

[Event "WchT Rapid"]
[Site "London"]
[Date "2025.06.12"]
[Round "8.4"]
[White "Mungunzul, Bat Erdene"]
[Black "Mortazavi, Ali"]
[Result "1-0"]
[WhiteElo "2285"]
[BlackElo "2392"]
[PlyCount "93"]
[EventDate "2025.06.11"]
[EventType "team-swiss"]
[EventRounds "12"]
[EventCountry "ENG"]
[SourceTitle "CB25_2025"]
[SourceDate "2025.06.18"]
[SourceVersion "1"]
[SourceVersionDate "2025.06.18"]
[SourceQuality "1"]
[WhiteTeam "Mongolia II"]
[BlackTeam "e-therapeutics"]
[WhiteTeamCountry "MGL"]
[BlackTeamCountry "ENG"]

1. d4 Nf6 2. c4 c5 3. d5 g6 4. Nc3 Bg7 5. e4 0-0 6. Bd3 d6 7. f4 e6 8. Nf3 exd5 9. cxd5 b5 10. Nxb5 Nxe4 11. 0-0 Re8 12. Ng5 Nxg5 13. fxg5 Ba6 14. Kh1 Bxb5 15. Bxb5 Nd7 16. Qa4 Re7 17. Qh4 Rb8 18. a4 Ne5 19. Ra3 a6 20. Bxa6 Rb4 21. Qg3 Qa8 22. Be2 Rxa4 23. Rxa4 Qxa4 24. Qh3 Qc2 25. Bb5 c4 26. Bf4 Qe2 27. Qc8+ Bf8 28. Rg1 Nd3 29. Bg3 Re4 30. h3 Re3 31. Bxd6 Nf2+ 32. Kh2 Rxh3+ 33. gxh3 Ng4+ 34. Kg3 Qh2+ 35. Kxg4 Qxd6 36. Qxc4 Qh2 37. Qf1 Qe5 38. Bc4 Bd6 39. Kf3 Qf4+ 40. Ke2 Qxc4+ 41. Kd1 Qd4+ 42. Kc2 Qxd5 43. Rg4 Be5 44. Qc4 Qh1 45. Re4 Qxh3 46. Rxe5 Qh2+ 47. Re2 1-0

[Event "WchT Rapid"]
[Site "London"]
[Date "2025.06.11"]
[Round "4.4"]
[White "Mungunzul, Bat Erdene"]
[Black "Blokhin, Sofia"]
[Result "1-0"]
[WhiteElo "2285"]
[BlackElo "2099"]
[PlyCount "123"]
[EventDate "2025.06.11"]
[EventType "team-swiss"]
[EventRounds "12"]
[EventCountry "ENG"]
[SourceTitle "CB25_2025"]
[SourceDate "2025.06.18"]
[SourceVersion "1"]
[SourceVersionDate "2025.06.18"]
[SourceQuality "1"]
[WhiteTeam "Mongolia II"]
[BlackTeam "OlalaStars"]
[WhiteTeamCountry "MGL"]
[BlackTeamCountry "EST"]

1. d4 f5 2. g3 Nf6 3. Nf3 g6 4. Bg2 Bg7 5. 0-0 0-0 6. b3 d6 7. Bb2 c6 8. c4 Na6 9. a3 Nc7 10. Qc2 Bd7 11. Nbd2 Ne6 12. e3 Rc8 13. Rfe1 d5 14. Ne5 Be8 15. b4 Ne4 16. Nb3 b6 17. Rac1 Nc7 18. Red1 e6 19. f3 Nf6 20. Nd2 Bh6 21. Re1 Qe7 22. Rcd1 dxc4 23. Ndxc4 Ncd5 24. e4 b5 25. Na5 Ne3 26. Qb3 Nxd1 27. Rxd1 Bd7 28. Nb7 Rc7 29. Nc5 Bc8 30. Re1 f4 31. Bh3 Re8 32. Bc1 Nh5 33. Ned3 Qd6 34. Qc3 fxg3 35. Bxh6 gxh2+ 36. Kh1 Qg3 37. Bg4 Rf7 38. Qd2 Rxf3 39. Bxf3 Qxf3+ 40. Qg2 Ng3+ 41. Kxh2 Qh5+ 42. Kxg3 Qxh6 43. Qh3 Qxh3+ 44. Kxh3 e5+ 45. Kg3 exd4 46. e5 Kg7 47. e6 Kf6 48. Rf1+ Ke7 49. Ne5 Bxe6 50. Nxc6+ Kd6 51. Nxe6 Rxe6 52. Nxd4 Re3+ 53. Kf4 Re5 54. Rd1 g5+ 55. Kg4 Kc7 56. Nf5 Re2 57. Kxg5 Ra2 58. Rd3 Kb6 59. Ne7 a5 60. Nd5+ Ka6 61. Rh3 axb4 62. Nxb4+ 1-0

[Event "Asia-ch (Women) Blitz"]
[Site "Al Ain"]
[Date "2025.05.10"]
[Round "3"]
[White "Mungunzul, Bat Erdene"]
[Black "Priyanka, Nutakki"]
[Result "1-0"]
[WhiteElo "2302"]
[BlackElo "2277"]
[PlyCount "149"]
[EventDate "2025.05.10"]
[EventType "swiss (blitz)"]
[EventRounds "9"]
[EventCountry "UAE"]
[SourceTitle "CB20_2025"]
[SourceDate "2025.05.14"]
[SourceVersion "1"]
[SourceVersionDate "2025.05.14"]
[SourceQuality "1"]

1. d4 d5 2. c4 e6 3. Nc3 Nf6 4. Bg5 Be7 5. Nf3 0-0 6. e3 h6 7. Bh4 Nbd7 8. Bd3 dxc4 9. Bxc4 a6 10. a4 b6 11. 0-0 Bb7 12. Qe2 c5 13. Rfd1 Qc8 14. Bd3 cxd4 15. exd4 Ra7 16. Rac1 Qa8 17. Bb1 Re8 18. Ne1 Nf8 19. f3 Nd5 20. Bxe7 Nxe7 21. Nd3 Rd8 22. Ne5 Nd5 23. Ne4 Nf4 24. Qd2 N4g6 25. Qb4 Bd5 26. Nc3 Nxe5 27. dxe5 Qb8 28. Nxd5 exd5 29. f4 b5 30. axb5 axb5 31. Rc5 Qb6 32. Qxb5 Rb7 33. Qxb6 Rxb6 34. Rcxd5 Rxd5 35. Rxd5 Rxb2 36. Bf5 g6 37. Bg4 h5 38. Bh3 Rb7 39. Kf2 Kg7 40. Ke3 Rb3+ 41. Kd4 Rb2 42. Ke3 Rb3+ 43. Rd3 Rb2 44. Rd2 Rb3+ 45. Ke4 Rb4+ 46. Rd4 Rb2 47. Ke3 Rb3+ 48. Rd3 Rb2 49. Rd2 Rb3+ 50. Kf2 Rb4 51. g3 Ra4 52. Bg2 h4 53. Bd5 hxg3+ 54. hxg3 Ra3 55. Rb2 Ra7 56. Kf3 Ra3+ 57. Kg4 Ra7 58. Rb6 Rc7 59. Rd6 Ra7 60. Kh4 Rc7 61. g4 Ra7 62. f5 gxf5 63. gxf5 Ra4+ 64. Kg5 Ra5 65. f6+ Kg8 66. Rd8 Kh7 67. Rxf8 Rxd5 68. Rxf7+ Kg8 69. Re7 Kf8 70. Kg6 Rd1 71. Ra7 Rg1+ 72. Kf5 Rf1+ 73. Ke6 Kg8 74. Ke7 Rf2 75. e6 1-0

[Event "Eastern Asia zt 3.3 (Women)"]
[Site "Ulaanbaatar"]
[Date "2025.04.28"]
[Round "6"]
[White "Mungunzul, Bat Erdene"]
[Black "Frayna, Janelle Mae"]
[Result "0-1"]
[WhiteElo "2302"]
[BlackElo "2311"]
[PlyCount "144"]
[EventDate "2025.04.23"]
[EventType "swiss"]
[EventRounds "9"]
[EventCountry "MGL"]
[SourceTitle "CB20_2025"]
[SourceDate "2025.05.14"]
[SourceVersion "1"]
[SourceVersionDate "2025.05.14"]
[SourceQuality "1"]

1. d4 d5 2. c4 dxc4 3. e3 e5 4. Bxc4 exd4 5. exd4 Nf6 6. Nf3 Bd6 7. 0-0 0-0 8. h3 Bf5 9. Nc3 h6 10. Ne5 Nbd7 11. Re1 Nb6 12. Bb3 c6 13. Qf3 Be6 14. Bxe6 fxe6 15. Qg3 Kh8 16. Qg6 Bxe5 17. dxe5 Qe8 18. Qg3 Nfd5 19. Ne4 Rd8 20. Nd6 Qe7 21. b3 c5 22. Ba3 Qc7 23. Qg4 Nc8 24. Rac1 b6 25. b4 Nxd6 26. exd6 Qf7 27. f3 cxb4 28. Bxb4 Qf4 29. Ba3 Qxg4 30. hxg4 Rfe8 31. Re5 Kg8 32. Rce1 Kf7 33. f4 Nf6 34. f5 exf5 35. Re7+ Kg6 36. R1e6 Rxe7 37. gxf5+ Kxf5 38. Rxe7 Rd7 39. Re2 Ne4 40. Re3 Nxd6 41. Bxd6 Rxd6 42. Re7 a5 43. Rxg7 Ke4 44. a4 Kd4 45. Rc7 Rf6 46. Kh2 Kd5 47. Kh3 Rc6 48. Rf7 Kc4 49. Rf4+ Kb3 50. Kh4 Rc4 51. g3 Rxa4 52. Kh5 Ra1 53. Kxh6 Rg1 54. g4 a4 55. g5 a3 56. Rf3+ Kb4 57. Rf4+ Kc5 58. Rf5+ Kc6 59. Rf6+ Kc5 60. Rf5+ Kd4 61. Rf4+ Kd5 62. Ra4 Rg3 63. g6 b5 64. Ra5 Kc4 65. g7 Rh3+ 66. Kg6 Kb4 67. Ra6 Rg3+ 68. Kf7 Rxg7+ 69. Kxg7 Kb3 70. Kf6 b4 71. Ke5 Ka2 72. Kd4 b3 0-1

[Event "Wch Blitz (Women)"]
[Site "New York"]
[Date "2024.12.30"]
[Round "10"]
[White "Zhu, Jiner"]
[Black "Mungunzul, Bat Erdene"]
[Result "1-0"]
[WhiteElo "2514"]
[BlackElo "2268"]
[PlyCount "161"]
[EventDate "2024.12.30"]
[EventType "swiss (blitz)"]
[EventRounds "11"]
[EventCountry "USA"]
[SourceTitle "CB01_2025"]
[SourceDate "2025.01.01"]
[SourceVersion "1"]
[SourceVersionDate "2025.01.01"]
[SourceQuality "1"]

1. e4 e5 2. Nf3 Nc6 3. Bb5 a6 4. Ba4 Nf6 5. d3 b5 6. Bb3 Be7 7. a4 Bb7 8. 0-0 d6 9. Nbd2 0-0 10. Re1 Nb8 11. Nf1 Nbd7 12. Ng3 Nc5 13. Ba2 Nxa4 14. Nf5 Nc5 15. N3h4 Bc8 16. Qf3 Ne8 17. Nxe7+ Qxe7 18. Qg3 Be6 19. Nf5 Bxf5 20. exf5 Kh8 21. d4 Nd7 22. f4 f6 23. fxe5 dxe5 24. Bd5 Rd8 25. Rxa6 Nb6 26. Bf3 Rxd4 27. Be3 Rd8 28. Qf2 Nd6 29. Bc6 Nbc4 30. Bc1 Rb8 31. b3 Nb6 32. Be3 Rfd8 33. Bc5 Qf7 34. h3 Qh5 35. Rf1 Nd7 36. Be3 Qf7 37. Ra7 Rdc8 38. Rd1 Qe7 39. Kh1 b4 40. Qf3 Qf7 41. Rxd6 cxd6 42. Rxd7 Qf8 43. Ra7 Qd8 44. Kh2 Rc7 45. Rxc7 Qxc7 46. Be4 Rd8 47. Bd3 d5 48. Qf2 d4 49. Bd2 Qc5 50. Qe1 Rb8 51. Qe4 h6 52. Qh4 Qe7 53. Qe4 Qc5 54. Bc4 Rd8 55. Qe1 Rb8 56. Qh4 Qe7 57. Qe4 Qc5 58. Be6 Qd6 59. Kh1 Qc5 60. Qh4 Qe7 61. Bc4 Ra8 62. Kh2 Rb8 63. Qe4 Qc5 64. Kg3 Qd6 65. Kf3 Qc5 66. Ke2 Qd6 67. g4 Qc5 68. Kf1 Qa5 69. Kg2 Qc5 70. h4 Qe7 71. g5 fxg5 72. hxg5 hxg5 73. Qg4 Rb6 74. Bxg5 Qb7+ 75. Kg1 g6 76. Qh4+ Qh7 77. Bf6+ Rxf6 78. Qxf6+ Qg7 79. Qxg6 Qxg6+ 80. fxg6 Kg7 81. Bd3 1-0

[Event "Wch Rapid (Women)"]
[Site "New York"]
[Date "2024.12.27"]
[Round "7"]
[White "Uuriintuya, Uurtsaikh"]
[Black "Mungunzul, Bat Erdene"]
[Result "0-1"]
[WhiteElo "2188"]
[BlackElo "2281"]
[PlyCount "90"]
[EventDate "2024.12.26"]
[EventType "swiss (rapid)"]
[EventRounds "11"]
[EventCountry "USA"]
[SourceTitle "CB01_2025"]
[SourceDate "2025.01.01"]
[SourceVersion "1"]
[SourceVersionDate "2025.01.01"]
[SourceQuality "1"]

1. e4 e5 2. Nf3 Nc6 3. Bb5 a6 4. Ba4 Nf6 5. d3 b5 6. Bb3 Be7 7. 0-0 d6 8. c3 0-0 9. Re1 Nb8 10. Nbd2 Nbd7 11. Nf1 Nc5 12. Bc2 Re8 13. d4 Ncd7 14. Ng3 Bf8 15. Nf5 Bb7 16. d5 Nb6 17. a4 c6 18. dxc6 Bxc6 19. axb5 axb5 20. Bg5 Rxa1 21. Qxa1 Nbd7 22. Nd2 h6 23. Bh4 Qb6 24. Bb3 Ra8 25. Qb1 g6 26. Ne3 Bg7 27. f3 Nc5 28. Bc2 Qa7 29. c4 b4 30. Nb3 Nfd7 31. Bf2 Qa6 32. Qd1 Bf8 33. Qd2 Qa2 34. Qxb4 Rb8 35. Qa5 Qxb2 36. Rb1 Nxb3 37. Qa6 Qc3 38. Rxb3 Rxb3 39. Bxb3 Qxb3 40. Qxc6 Nc5 41. h4 Nd3 42. Qb5 Qc3 43. Qb1 Nxf2 44. Kxf2 Qd2+ 45. Kf1 Qxe3 0-1

[Event "Olympiad Women-45"]
[Site "Budapest"]
[Date "2024.09.14"]
[Round "4.6"]
[White "Mungunzul, Bat Erdene"]
[Black "Matnadze, Ana"]
[Result "1-0"]
[WhiteElo "2224"]
[BlackElo "2338"]
[PlyCount "79"]
[EventDate "2024.09.11"]
[EventType "team-swiss"]
[EventRounds "11"]
[EventCountry "HUN"]
[SourceTitle "EXT 2025"]
[Source "ChessBase"]
[SourceDate "2024.10.14"]
[SourceVersion "1"]
[SourceVersionDate "2024.10.14"]
[SourceQuality "1"]
[WhiteTeam "Mongolia (W)"]
[BlackTeam "Spain (W)"]
[WhiteTeamCountry "MGL"]
[BlackTeamCountry "ESP"]

1. d4 d6 2. Nf3 Nf6 3. c4 g6 4. Nc3 Bg7 5. e4 Bg4 6. Be2 Bxf3 7. Bxf3 e5 8. d5 h5 9. h3 Nbd7 10. Be3 Bh6 11. Bxh6 Rxh6 12. b4 Kf8 13. a3 Kg7 14. Qd2 Nh7 15. Qe3 f5 16. 0-0-0 h4 17. Kb2 a5 18. Be2 Ng5 19. f3 Nf7 20. Bd3 Rh5 21. Bc2 Rg5 22. Qf2 Qb8 23. exf5 gxf5 24. Qxh4 axb4 25. axb4 Qa7 26. Ra1 Qb6 27. c5 dxc5 28. Rxa8 cxb4 29. Na4 Qb5 30. Qf2 Nd6 31. Bb3 f4 32. Rc1 Nf5 33. Bc4 Qxa4 34. Rxa4 Ne3 35. Bf1 Nb6 36. Rxb4 Nbxd5 37. Rxb7 Rg6 38. Qh4 Kg8 39. Qd8+ Kg7 40. Rcxc7+ 1-0